Industrial organisation (Record no. 373689)

000 -LEADER
fixed length control field 00365cam a22001337a 4500
008 - FIXED-LENGTH DATA ELEMENTS--GENERAL INFORMATION
fixed length control field 180718b1968 xxu||||| |||| 00| 0 eng d
082 ## - DEWEY DECIMAL CLASSIFICATION NUMBER
Classification number T25 M519
100 ## - MAIN ENTRY--PERSONAL NAME
Personal name Memoria, C.B.
245 ## - TITLE STATEMENT
Title Industrial organisation
Statement of responsibility, etc. by C.B. Memoria
260 ## - PUBLICATION, DISTRIBUTION, ETC.
Place of publication, distribution, etc. New Delhi
Name of publisher, distributor, etc. Jain
Date of publication, distribution, etc. 1968
300 ## - PHYSICAL DESCRIPTION
Extent 391p.
650 ## - SUBJECT ADDED ENTRY--TOPICAL TERM
Topical term or geographic name entry element Industrial management - India
650 ## - SUBJECT ADDED ENTRY--TOPICAL TERM
Topical term or geographic name entry element Industrial management
Holdings
Withdrawn status Lost status Damaged status Not for loan Permanent Location Current Location Date acquired Full call number Barcode Date last seen Price effective from Koha item type
        Indian Institute of Public Administration Indian Institute of Public Administration 1994-06-22 T25 M519 42459 2018-07-21 2018-07-21 Book

Powered by Koha